002440000a220007300045001000016000002450073000163000052000897730029001411 aBaer, David10aMy student, my friend : José Siles mirrors what ESEPA is all about aVol. 73, Num 2 (Abril-Junio, 1993), Página 150 tLatin America Evangelist